000 01360namaa22003131i 4500
005 20260228125726.0
008 260203s1996 ua a|||frm||| 000 0 eng d
040 _aEG-GICUC
_beng
_cEG-GICUC
_dEG-GICUC
_erda
041 0 _aeng
_beng
_bara
049 _aDeposit
097 _aM.Sc
099 _aCai01.13.05.1996.So.E
100 0 _aSamuel Ghobrial Samuel,
_epreparation.
245 1 0 _aEstimation of the financial risk for public enterprise construction companies in egypt /
_cBy Samuel Ghobrial Samuel ; Supervised Dr. Amir Bayoumi I. Khalil, Dr. Mohamed Amr A. G. Hassanein
246 1 5 _aتقدير المخاطرة المالية لشركات التشييد في قطاع الاعمال العام في مصر
264 0 _c1996.
300 _a228 pages
_billustrations
_c25 cm. +
336 _2rda content
_atext
337 _2rdamedia
_aUnmediated
338 _2rdacarrier
_avolume
502 _aThesis (M.Sc.)-Cairo University, 1996
504 _aBibliography: pages 164-166
653 0 _aconstruction companies in egypt
700 0 _aAmir Bayoumi I. Khalil
_ethesis advisor.
700 0 _aMohamed Amr A. G. Hassanein
_ethesis advisor.
900 _DDepartment of Civil Engineering
_FFaculty of Engineering
_UCairo University
_b1996
_cAmir Bayoumi I. Khalil
_cMohamed Amr A. G. Hassanein
905 _aNehad
_eNourhan
942 _2ddc
_cTH
_e21
_n0
999 _c178127